101 great goals [
| Format: | Book |
|---|---|
| Published: |
London :
BBC Video ,
1993
|
| Subjects: |
MARC
| LEADER | 00000cam a2200000 7i4500 | ||
|---|---|---|---|
| 001 | 0000001985 | ||
| 002 | 000002164 | ||
| 005 | 20000330.0 | ||
| 020 | |a 000002164 | ||
| 090 | 0 | 0 | |a 796.334 |b ONE |
| 245 | 0 | 0 | |a 101 great goals [ |h videorecording] |c Edited by Albert Bournes |
| 260 | |a London : |b BBC Video , |c 1993 | ||
| 300 | |a 1 videorecording (65 mins. approx.) : |b col. | ||
| 650 | 0 | 0 | |a Soccer |x BBC sports |
| 999 | |a 00069 |b VIDEO |c KOLEKSI AUDIO VIDEO |e PERPUSTAKAAN KOMUNITI PETALING JAYA | ||